Bernadotte, Roi (Record no. 164881)

MARC details
000 -LEADER
campo de control de longitud fija 00635nam a22001935i 4500
001 - NÚMERO DE CONTROL
campo de control 164881
003 - IDENTIFICADOR DE NÚMERO DE CONTROL
campo de control ES-MaACL
005 - FECHA Y HORA DE LA ÚLTIMA TRANSACCIÓN
campo de control 20251013205805.0
008 - DATOS DE LONGITUD FIJA--INFORMACIÓN GENERAL
campo de control de longitud fija 991201s1899 fr |||| | fre d
040 ## - FUENTE DE CATALOGACIÓN
Centro catalogador/agencia de origen M-RAJU
Lengua de catalogación spa
Centro/agencia transcriptor M-RAJU
Centro/agencia modificador CCPB | B
100 1# - ENTRADA PRINCIPAL--NOMBRE DE PERSONA
Nombre de persona Schefer, Christian.
9 (RLIN) 104264
245 10 - MENCIÓN DEL TÍTULO
Título Bernadotte, Roi
Resto del título : (1810-1818-1844) /
Mención de responsabilidad, etc. par Christian Schefer.
260 ## - PUBLICACIÓN, DISTRIBUCIÓN, ETC.
Lugar de publicación, distribución, etc. Paris :
Nombre del editor, distribuidor, etc. Félix Alcan,
Fecha de publicación, distribución, etc. 1899.
300 ## - DESCRIPCIÓN FÍSICA
Extensión VIII, 294 p. ;
Dimensiones 22 cm.
600 17 - PUNTO DE ACCESO ADICIONAL DE MATERIA--NOMBRE DE PERSONA
Nombre de persona Bernadotte, Jean Baptiste,
Títulos y otros términos asociados al nombre Rey de Suecia-
Subdivisión de forma Biografías
Fuente del encabezamiento o término
9 (RLIN) 125942
752 ## - ENTRADA AGREGADA--NOMBRE JERÁRQUICO DEL LUGAR
País o entidad superior Francia -
Ciudad París
852 ## - LOCALIZACIÓN
Ubicación ES-MaACL
Número de control de estantería G-7556
Nota libre -- Rúst.
Holdings
Estatus retirado Estado de pérdida Estado de daño No para préstamo Colección Biblioteca de origen Biblioteca actual Ubicación en estantería Fecha de adquisición Fuente de adquisición Total de préstamos Signatura topográfica completa Código de barras Visto por última vez Precio de reemplazo Tipo de ítem Koha
        Libros del s. XIX Biblioteca del Ateneo de Madrid Biblioteca del Ateneo de Madrid Sala Pecera Planta 3 17/01/2008     G-7556 1172843 23/02/2023 23/02/2023 Libro impreso antiguo